<?xml version="1.0" encoding="UTF-8"?>
<record
    xmlns:xsi="http://www.w3.org/2001/XMLSchema-instance"
    xsi:schemaLocation="http://www.loc.gov/MARC21/slim http://www.loc.gov/standards/marcxml/schema/MARC21slim.xsd"
    xmlns="http://www.loc.gov/MARC21/slim">

  <leader>01248nam a2200301 a 4500</leader>
  <datafield tag="999" ind1=" " ind2=" ">
    <subfield code="c">358081</subfield>
    <subfield code="d">358081</subfield>
  </datafield>
  <controlfield tag="001">000000372221</controlfield>
  <controlfield tag="003">IT-MiSPE</controlfield>
  <controlfield tag="005">20200317143247.0</controlfield>
  <controlfield tag="008">090630s2009    vc            001 0 ita d</controlfield>
  <datafield tag="020" ind1=" " ind2=" ">
    <subfield code="a">9788820982003</subfield>
    <subfield code="c">19.00 EUR</subfield>
  </datafield>
  <datafield tag="040" ind1=" " ind2=" ">
    <subfield code="a">IT-MiSPE</subfield>
    <subfield code="b">ita</subfield>
    <subfield code="d">IT-MiSPE</subfield>
    <subfield code="c">IT-MiSPE</subfield>
  </datafield>
  <datafield tag="041" ind1="0" ind2=" ">
    <subfield code="a">ita</subfield>
    <subfield code="a">fre</subfield>
    <subfield code="a">eng</subfield>
  </datafield>
  <datafield tag="082" ind1=" " ind2=" ">
    <subfield code="a">227.07-SOD ma pa (axa 23214)</subfield>
  </datafield>
  <datafield tag="245" ind1="0" ind2="0">
    <subfield code="a">Paolo di Tarso, tra kerygma, cultus e vita /</subfield>
    <subfield code="c">a cura di Manlio Sodi, Paul O'Callaghan.</subfield>
  </datafield>
  <datafield tag="260" ind1=" " ind2=" ">
    <subfield code="a">Citt&#xE0; del Vaticano :</subfield>
    <subfield code="b">Libreria Editrice Vaticana,</subfield>
    <subfield code="c">2009.</subfield>
  </datafield>
  <datafield tag="300" ind1=" " ind2=" ">
    <subfield code="a">329 p. ;</subfield>
    <subfield code="c">25 cm</subfield>
  </datafield>
  <datafield tag="490" ind1="1" ind2=" ">
    <subfield code="a">Itineraria / Pontificia Academia theologica ;</subfield>
    <subfield code="v">003</subfield>
  </datafield>
  <datafield tag="504" ind1=" " ind2=" ">
    <subfield code="a">Contiene riferimenti bibliografici e indice</subfield>
  </datafield>
  <datafield tag="546" ind1=" " ind2=" ">
    <subfield code="a">Quindici contributi in italiano, uno in francese e uno in inglese</subfield>
  </datafield>
  <datafield tag="600" ind1=" " ind2=" ">
    <subfield code="a">Paulus Apostolus,</subfield>
    <subfield code="c">santo.</subfield>
    <subfield code="9">57523</subfield>
  </datafield>
  <datafield tag="655" ind1=" " ind2="7">
    <subfield code="a">Sacra Scrittura. Studi sul Nuovo Testamento</subfield>
    <subfield code="x">Paolo: studi e teologia.</subfield>
    <subfield code="2">local</subfield>
    <subfield code="9">56750</subfield>
  </datafield>
  <datafield tag="655" ind1=" " ind2="7">
    <subfield code="a">Sacra Scrittura. Studi sul Nuovo Testamento</subfield>
    <subfield code="x">Paolo: biografia.</subfield>
    <subfield code="2">local</subfield>
    <subfield code="9">57519</subfield>
  </datafield>
  <datafield tag="700" ind1="1" ind2=" ">
    <subfield code="a">Sodi, Manlio,</subfield>
    <subfield code="c">s.d.b.,</subfield>
    <subfield code="d">1944-,</subfield>
    <subfield code="e">ed.</subfield>
    <subfield code="9">57530</subfield>
  </datafield>
  <datafield tag="700" ind1="1" ind2=" ">
    <subfield code="a">O'Callaghan, Paul,</subfield>
    <subfield code="c">sac.,</subfield>
    <subfield code="e">ed.</subfield>
    <subfield code="9">57531</subfield>
  </datafield>
  <datafield tag="810" ind1="2" ind2=" ">
    <subfield code="a">Pontificia Academia theologica Romana.</subfield>
    <subfield code="t">Itineraria.</subfield>
    <subfield code="9">57532</subfield>
  </datafield>
  <datafield tag="942" ind1=" " ind2=" ">
    <subfield code="2">ddc</subfield>
    <subfield code="c">BK</subfield>
  </datafield>
  <datafield tag="952" ind1=" " ind2=" ">
    <subfield code="0">0</subfield>
    <subfield code="1">0</subfield>
    <subfield code="2">ddc</subfield>
    <subfield code="4">0</subfield>
    <subfield code="6">227_000000000000000_07SOD_MA_PA_AXA_23214</subfield>
    <subfield code="7">1</subfield>
    <subfield code="a">CINISELLO</subfield>
    <subfield code="b">CINISELLO</subfield>
    <subfield code="d">2018-11-23</subfield>
    <subfield code="l">0</subfield>
    <subfield code="o">227.07-SOD ma pa (axa 23214)</subfield>
    <subfield code="p">9788820982003</subfield>
    <subfield code="r">2018-11-23 00:00:00</subfield>
    <subfield code="w">2018-11-23</subfield>
    <subfield code="y">BK</subfield>
  </datafield>
</record>
